000 00842nam a2200229 i 4500
001 49045
003 ES-MaACL
005 20240228155326.0
007 t|
008 030707s1860 sp ||||1| spa d
080 _a94(460)"0414/0711"
100 1 _aCorradi Gómez, Fernando,
_d1808-1885
_940700
245 1 3 _aLa monarquía visigoda, según el Fuero Juzgo /
_cpor Don Fernando Corradi.
260 _aMadrid :
_b[s.n.],
_c1860 (
_fImp. de El Clamor Público)
300 _a119 p. ;
_c21 cm.
530 _aDisponible en formato digital.
630 0 4 _aFuero Juzgo.
_9121670
651 7 _aEspaña-
_xHistoria-
_y0414-0711, Época visigoda
_2
_9162046
852 4 _aES-MaACL
_jT-69-F-6
856 4 _uhttps://bibliotecadigital.jcyl.es/es/consulta/registro.do?id=17225
_zBiblioteca Digital de Castilla y León
999 _c49045
_d49045